000 00579nam a2200193Ia 4500
001 8024
003 GE_BSU
008 181216s||||||||xx |||||||||||||| ||und||
040 _cGE_BSU
245 _aПсихология обучения, №9 Сентябрь 2013.
245 _cГл. ред. Б.П.Бархаев и др.
260 _aМосква
260 _bИздателство СГУ.
260 _c2013
300 _a124стр.24см.
520 _aжурнал выходит 12 раз в год.
653 _aПсихология обучения
942 _cCR
999 _c41366
_d41366